Statistics for Tessa Thompson Filmography

Click here to take the quiz!

General Stats

  • This quiz has been taken 19 times
    (7 since last reset)
  • The average score is 16 of 92

Answer Stats

TypeYearName% Correct
Film2022Thor: Love and Thunder
86%
Film2017Thor: Ragnarok
86%
Film2019Avengers: Endgame
71%
Film2015Creed
71%
Film2018Creed II
71%
Film2022Creed III
71%
Film2019Men in Black: International
57%
TV Show2016-PresentWestworld
43%
Film2018Annihilation
29%
TV Show2006Grey's Anatomy
29%
Film2019Lady and the Tramp
29%
Film2018Little Woods
29%
Music Video2018Make Me Feel
29%
TV Show2009Private Practice
29%
Film2014Selma
29%
TV Show2012-2013666 Park Avenue
14%
Film2013Automotive
14%
Film2019Between Two Ferns: The Movie
14%
TV Film2010Betwixt
14%
TV Show2010Blue Belle
14%
Web Series2016BoJack Horseman
14%
Short Film2019Brave Girl Rising
14%
TV Show2005Cold Case
14%
TV Show2012-2013Copper
14%
Web Series2018Dear White People
14%
Film2014Dear White People
14%
TV Show2010, 2011Detroit 1-8-7
14%
TV Show2019Drunk History
14%
Film2010Everyday Black Man
14%
Film2010Exquisite Corpse
14%
Film2010For Colored Girls
14%
Film2018Furlough
14%
Music Video2014Get Your Life
14%
Short Film2003Here Comes Dr. Tran
14%
TV Show2009Heroes
14%
TV Show2007Hidden Palms
14%
Theater2005Indoor/Outdoor
14%
Web Mini-Series2020James and the Giant Peach with Taika and Friends
14%
Short Film2018Janelle Monáe: Dirty Computer
14%
TV Show2008Life
14%
Film2008Make It Happen
14%
TV Show2009Mental
14%
Film2009Mississippi Damned
14%
Music Video2017Moonlight
14%
Film2012Murder on the 13th Floor
14%
TV Show2011Off the Map
14%
Film2021Passing
14%
Film2011Periphery
14%
Short Film2014Points of Origin
14%
TV Show2018Portlandia
14%
Music Video2018Pynk
14%
Theater2006Pyrenees
14%
Film2011Red & Blue Marbles
14%
TV Show2011Rizzoli & Isles
14%
Theater2003Romeo and Juliet
14%
TV Show2020RuPaul's Drag Race All Stars
14%
Film2016Salt Water
14%
Music Video2019Screwed
14%
Theater2016Smart People
14%
Film2018Sorry to Bother You
14%
Film2017South Dakota
14%
Film2020Sylvie's Love
14%
Film2008The Human Contract
14%
FilmTBAThe Invite
14%
Podcast2020The Left Right Game
14%
Film2022The Listener
14%
TV Show2009Three Rivers
14%
TV Show2019Tuca & Bertie
14%
Theater2011Twelfth Night
14%
Music Video2019Uneventful Days
14%
Commercial2006US Cellular
14%
TV Show2005-2006Veronica Mars
14%
Film2016War on Everyone
14%
Film2006When a Stranger Calls
14%
Music Video2015Yoga
14%
Theater2006Agamemnon and His Daughters
0%
Theater2010Arcadia
0%
Theater2012As You Like It
0%
Theater2011Blues for an Alabama Sky
0%
Theater2011Caesar and Cleopatra
0%
Theater2014Facing Our Truth: The Trayvon Martin Plays
0%
Film2014Gratham & Rose
0%
Theater2010King Lear
0%
Commercial2019Lexus
0%
Theater2020Nora Highland
0%
Theater2005Pera Palas
0%
TV Show2020RuPaul's Drag Race All Stars: Untucked!
0%
Documentary Mini-Series2022Soul of a Nation
0%
Theater2008Stupid Kids
0%
Theater2004Summertime
0%
TV Film2006The Imitation of Sarah
0%
Theater2009Tree
0%

Score Distribution

Percentile by Number Answered

Percent of People with Each Score

Your Score History

You have not taken this quiz since the last reset